[Event "29th Mem Nezhmetdinov"]
[Site "Kazan RUS"]
[Date "2007.06.06"]
[Round "6"]
[White "Islamov,M"]
[Black "Ayupov,D"]
[Result "1-0"]
[WhiteElo "2214"]
[BlackElo "2388"]

1.e4 c5 2.Nf3 d6 3.Bb5+ Bd7 4.Bxd7+ Qxd7 5.O-O Nf6 6.Qe2 Nc6 7.c3 e6 8.d3 Be7
9.Rd1 O-O 10.Nbd2 Qc7 11.Nf1 d5 12.Ng3 Rfe8 13.e5 Nd7 14.Re1 Bf8 15.h4 f6
16.d4 cxd4 17.cxd4 Rac8 18.Bd2 fxe5 19.dxe5 Bc5 20.Bc3 Rf8 21.Rad1 Rxf3 22.gxf3 Rf8
23.Kg2 Kh8 24.b4 Bxb4 25.Bxb4 Nxb4 26.Qd2 Qc4 27.Rc1 Qxh4 28.Rh1 Qe7 29.Rc7 Na6
30.Rxb7 Nac5 31.Rxa7 Rxf3 32.Rxd7 Rxg3+ 33.fxg3 Nxd7 34.Qc2 h5 35.Rxh5+ Kg8
36.Qc7 Qb4 37.Qc8+ Nf8 38.Qc2 Qe1 39.a4 Nd7 40.Rh1 Qxe5 41.Qc8+ Nf8 42.Rf1  1-0

[Event "zt 2.3 w"]
[Site "Santo Domingo DOM"]
[Date "2007.06.06"]
[Round "9"]
[White "Arribas Robaina,M"]
[Black "Zepeda,L"]
[Result "1/2-1/2"]
[WhiteElo "2335"]
[BlackElo "2167"]

1.e4 c5 2.Nf3 d6 3.Bb5+ Nd7 4.O-O Nf6 5.Re1 a6 6.Bf1 g6 7.c3 Bg7 8.d4 O-O
9.e5 Ne8 10.Bf4 cxd4 11.cxd4 dxe5 12.dxe5 Nc7 13.Nc3 Nc5 14.Be3 N7e6 15.a4 a5
16.Bb5 b6 17.Qe2 Bb7 18.Rad1 Qc7 19.Nd5 Bxd5 20.Rxd5 Rfd8 21.Red1 Rxd5 22.Rxd5 Rd8
23.Qd1 Rxd5 24.Qxd5 Qd8 25.Qxd8+ Nxd8 26.b4 axb4 27.Bxc5 bxc5 28.a5 Ne6 29.Bc4 Nc7
30.Kf1 Kf8 31.Ke2 Ke8 32.Kd3 e6 33.Bb3 h6 34.Kc4 Bf8 35.Nd2 Kd8 36.Ne4 Bg7
37.f4 Nd5 38.g3 Kc7 39.Kxc5 Nc3 40.Nd2 Bf8+ 41.Kc4 Kb7 42.Bc2 Ka6 43.Nb3 Nd5
44.Bd3 Nc3 45.Kd4+ Ka7 46.Bc4 Nd1 47.Nc5 Nf2 48.Be2 Bxc5+ 49.Kxc5 b3 50.Bc4 b2
51.Ba2 Ne4+ 52.Kb4 Nd2 53.Kc5 Ka6 54.Kb4 g5 55.fxg5 hxg5 56.h4 gxh4 57.gxh4 Nf3
58.h5 Nxe5 59.h6 f5 60.Kc3  1/2-1/2

[Event "7th ch-Euro Senior"]
[Site "Hockenheim GER"]
[Date "2007.06.07"]
[Round "6"]
[White "Bogorads,M"]
[Black "Gutman,L"]
[Result "0-1"]
[WhiteElo "2245"]
[BlackElo "2444"]

1.e4 c5 2.Nf3 d6 3.Bb5+ Bd7 4.a4 Nc6 5.O-O Nf6 6.Re1 Rc8 7.h3 g6 8.Nc3 Bg7
9.Bxc6 Bxc6 10.d3 O-O 11.Bf4 Nd7 12.Qe2 a6 13.a5 e5 14.Bg5 f6 15.Bc1 f5 16.Nd2 Nf6
17.Nc4 Nh5 18.Nb6 Rc7 19.Nbd5 Rcf7 20.Rf1 f4 21.Qf3 Bd7 22.Nb6 Be6 23.Ncd5 Qh4
24.Nc4 g5 25.Nxd6 g4 26.Qd1 gxh3 27.Nxf7 Rxf7 28.gxh3 Bh6 29.Qf3 Bxh3 30.Bxf4 exf4  0-1

[Event "29th Mem Nezhmetdinov"]
[Site "Kazan RUS"]
[Date "2007.06.07"]
[Round "7"]
[White "Gazizov,R"]
[Black "Fedotov,I"]
[Result "1-0"]
[WhiteElo "2234"]
[BlackElo "1835"]

1.e4 c5 2.Nf3 d6 3.Bb5+ Bd7 4.Bxd7+ Nxd7 5.O-O Ngf6 6.Qe2 e6 7.d4 cxd4 8.Nxd4 Be7
9.c4 O-O 10.b3 a6 11.Bb2 Re8 12.Nc3 Bf8 13.Rad1 Qc7 14.f4 e5 15.fxe5 dxe5
16.Nf5 Bc5+ 17.Kh1 Re6 18.Nd5 Nxd5 19.cxd5 Rg6 20.Rc1 Qb6 21.Rc2 Rf6 22.Rfc1 Re8
23.Qg4 Rxf5 24.Qxf5 Qd6 25.Rf1 Qe7 26.h3 g6 27.Qf3 Rf8 28.Bc1 f5 29.Bh6 Rf7
30.exf5 Rxf5 31.Qe2 Rh5 32.Be3 Bd6 33.Qg4 e4 34.Qe6+ Qxe6 35.dxe6 Ne5 36.Rc8+ Kg7
37.Bd4 Kh6 38.Be3+ Kg7 39.Rd8  1-0

[Event "Baden Challenge III"]
[Site "Neuhausen GER"]
[Date "2007.06.07"]
[Round "5"]
[White "Kraemer,Mart"]
[Black "Swinkels,R"]
[Result "0-1"]
[WhiteElo "2424"]
[BlackElo "2422"]

1.e4 c5 2.Nf3 d6 3.Bb5+ Bd7 4.Bxd7+ Qxd7 5.c4 Nc6 6.Nc3 g6 7.d4 cxd4 8.Nxd4 Bg7
9.Nde2 Nf6 10.f3 O-O 11.O-O Rfc8 12.Bg5 Qd8 13.Kh1 a6 14.a4 Qa5 15.Bd2 Qc5
16.b3 a5 17.Be1 Bh6 18.f4 Nb4 19.Bf2 Qc7 20.Qd2 Nd7 21.Rab1 Nc5 22.Be3 Bg7
23.Nd5 Nxd5 24.exd5 Qd7 25.Nd4 Qg4 26.h3 Qh5 27.Kh2 Ne4 28.Qe1 Nf6 29.Kg1 Ne4
30.Rf3 Bf6 31.Kh2 Qh4 32.g3 Qh5 33.Kg2 Qh6 34.Rd1 Qg7 35.Bg1 Nc5 36.g4 Qf8
37.Bh2 Re8 38.Nb5 Rec8 39.g5 Bg7 40.f5 gxf5 41.Qe3 Nxa4 42.bxa4 Rxc4 43.Rxf5 Rxa4
44.Rdf1 Ra2+ 45.Kh1 Ra1 46.Nc7 Qc8 47.Rxa1 Qxf5 48.Rd1 Rc8 49.Nb5 Rc5 50.Nxd6 exd6
51.Bxd6 Rc8 52.Ba3 Qd7 53.Rd3 b5 54.Bc5 Qf5 55.d6 Rxc5 56.d7 Qf1+ 57.Kh2 Be5+
58.Qxe5 Qf2+  0-1

[Event "National Open"]
[Site "Las Vegas USA"]
[Date "2007.06.08"]
[Round "1"]
[White "Wolfley,L"]
[Black "Anka,E"]
[Result "1/2-1/2"]
[WhiteElo "2133"]
[BlackElo "2440"]

1.e4 c5 2.Nf3 d6 3.Bb5+ Nd7 4.d4 Nf6 5.Nc3 a6 6.Bxd7+ Nxd7 7.Bg5 Qa5 8.a4 cxd4
9.Qxd4 e6 10.O-O Ne5 11.Nxe5 dxe5 12.Qd3 Bd7 13.Rfd1 Qc7 14.Be3 O-O-O 15.Nb5 axb5
16.axb5 Kb8 17.Ba7+ Kc8 18.Be3  1/2-1/2

[Event "Baden Challenge III"]
[Site "Neuhausen GER"]
[Date "2007.06.08"]
[Round "6"]
[White "Bojkov,D"]
[Black "Kraemer,Mart"]
[Result "1/2-1/2"]
[WhiteElo "2487"]
[BlackElo "2424"]

1.e4 c5 2.Nf3 d6 3.Bb5+ Nd7 4.d4 Nf6 5.Nc3 cxd4 6.Qxd4 e5 7.Qd3 h6 8.Be3 Be7
9.a4 O-O 10.O-O Qc7 11.Bc4 Nc5 12.Bxc5 Qxc5 13.Nd5 Nxd5 14.Bxd5 Be6 15.Bxe6 fxe6
16.Qb3 Kf7 17.Rfe1 Rfc8 18.c3 Rab8 19.Qc2 a5 20.Nd2 b5 21.axb5 Rxb5 22.Ra4 Qb6
23.Rb1 Rb4 24.Ra2 Rb5 25.Qd3 Qc6 26.Rba1 Bg5 27.Nf3 Bf6 28.h3 Rcb8 29.Nd2 Bd8
30.Nc4 Bc7 31.b4 axb4 32.Ra6 Qe8 33.Rxd6 Ke7 34.Ra7 Qc8 35.cxb4 R8b7 36.Rda6 Rxb4
37.Na5 Bxa5 38.Rxa5 Qc1+ 39.Kh2 Qf4+ 40.Qg3 Qxg3+ 41.Kxg3 Rxa7 42.Rxa7+ Kf6
43.f3 Rb2 44.h4  1/2-1/2

[Event "zt 2.3 w"]
[Site "Santo Domingo DOM"]
[Date "2007.06.08"]
[Round "11"]
[White "Arribas Robaina,M"]
[Black "Mateus,Mar"]
[Result "1/2-1/2"]
[WhiteElo "2335"]
[BlackElo "2130"]

1.e4 c5 2.Nf3 d6 3.Bb5+ Bd7 4.Bxd7+ Qxd7 5.c4 Nc6 6.O-O g6 7.Nc3 Bg7 8.Rb1 Nf6
9.a3 O-O 10.d3 Ng4 11.h3 Nge5 12.Ne1 Nd4 13.Be3 Nec6 14.b4 f5 15.b5 Nd8 16.Ne2 Nxe2+
17.Qxe2 f4 18.Bc1 Ne6 19.Qg4 Rf6 20.Bb2 h5 21.Qe2 Rf7 22.Bxg7 Kxg7 23.Nf3 g5
24.Rfe1 g4 25.hxg4 hxg4 26.Nh4 Nd4 27.Nf5+ Nxf5 28.Qxg4+ Kf8 29.exf5 Qxf5
30.Qxf5 Rxf5 31.Re6 Kf7 32.Rbe1 Re8 33.R1e4 b6 34.f3 d5 35.Re2 dxc4 36.dxc4 Rf6
37.R6e4 e6 38.Rd2 Re7 39.a4 e5 40.Rd5 Rfe6 41.Kf2 Kf6  1/2-1/2

[Event "Baden Challenge III"]
[Site "Neuhausen GER"]
[Date "2007.06.09"]
[Round "7"]
[White "Kraemer,Mart"]
[Black "Kuzubov,Y"]
[Result "0-1"]
[WhiteElo "2424"]
[BlackElo "2545"]

1.e4 c5 2.Nf3 d6 3.Bb5+ Nc6 4.Bxc6+ bxc6 5.O-O Bg4 6.h3 Bh5 7.Re1 e5 8.d3 Be7
9.Nbd2 Nf6 10.Nf1 Nd7 11.Ng3 Bg6 12.c3 O-O 13.d4 exd4 14.cxd4 d5 15.dxc5 Nxc5
16.Ne5 dxe4 17.Qxd8 Rfxd8 18.Nxc6 Re8 19.Nxe7+ Rxe7 20.f3 Nd3 21.Re3 f5 22.Re2 Rae8
23.fxe4 f4 24.Nf1 Rxe4 25.Rxe4 Rxe4 26.Bd2 Re2 27.Bc3 Be4 28.Nd2 Rxg2+ 29.Kf1 Bd5
30.Rd1 Rh2 31.Bd4 Nxb2 32.Bg1 Rg2  0-1

[Event "Atlantis Meestertienkamp"]
[Site "Groningen NED"]
[Date "2007.06.11"]
[Round "2"]
[White "Bojkov,D"]
[Black "Clemens,A"]
[Result "1-0"]
[WhiteElo "2487"]
[BlackElo "2327"]

1.e4 c5 2.Nf3 d6 3.Bb5+ Bd7 4.Bxd7+ Qxd7 5.c4 Nf6 6.Nc3 g6 7.O-O Bg7 8.d4 cxd4
9.Nxd4 O-O 10.Be3 Nc6 11.f3 Rfc8 12.Nde2 Qd8 13.b3 a6 14.a4 Nd7 15.Rb1 a5
16.Rb2 Nc5 17.Rd2 b6 18.Nb5 Rab8 19.Nec3 Qf8 20.Re1 Rb7 21.Nd5 Rbb8 22.Bf2 Bh6
23.f4 Bg7 24.Bh4 Rb7 25.Kh1 Kh8 26.Re3 Kg8 27.Rde2 f6 28.Rf3 Qe8 29.Be1 Rd8
30.Rg3 Qf7 31.Bf2 Kh8 32.f5 g5 33.Re1 Kg8 34.h4 h6 35.Rh3 Rc8 36.Bd4 Kf8
37.hxg5 hxg5 38.Rh7 Kg8 39.Rh2 Kf8 40.Re3 Kg8 41.Qe2 Kf8 42.Reh3 Nd8 43.Qg4 Qg8
44.Nxd6 exd6 45.Bxf6 Nf7 46.Bxg7+ Qxg7 47.f6  1-0

[Event "11th Master Open"]
[Site "Voronezh RUS"]
[Date "2007.06.13"]
[Round "2"]
[White "Airapetian,G"]
[Black "Fedorov,Alex"]
[Result "1/2-1/2"]
[WhiteElo "2336"]
[BlackElo "2611"]

1.e4 c5 2.Nf3 d6 3.Bb5+ Nd7 4.d4 Nf6 5.Nc3 a6 6.Bxd7+ Nxd7 7.O-O e6 8.Bg5 Qc7
9.d5 e5 10.a4 h6 11.Bh4 g6 12.Nd2 Bg7 13.Nc4 Nb6 14.Ne3 O-O 15.a5 Nd7 16.Qd3 b5
17.axb6 Nxb6 18.g4 Bd7 19.f3 a5 20.Nb5 Qb8 21.Na3 a4 22.b3 axb3 23.Qxb3 Ra4
24.Rfb1 Rb4 25.Qd3 f5 26.c3 fxe4 27.Qa6 Qa8 28.Qxa8 Rxb1+ 29.Rxb1 Rxa8 30.Rxb6 Rxa3
31.Rxd6 Rxc3 32.Kf2 Bb5 33.Rxg6 Be8 34.Re6 Bf7 35.Rc6 exf3 36.Rc8+ Kh7 37.Rc7 Kg6
38.Rc6+ Kh7 39.Rc7  1/2-1/2

[Event "2nd Maia Chiburdanidze Cup"]
[Site "Tbilisi GEO"]
[Date "2007.06.14"]
[Round "9"]
[White "Melia,S"]
[Black "Batsiashvili,N"]
[Result "0-1"]
[WhiteElo "2396"]
[BlackElo "2317"]

1.e4 c5 2.Nf3 d6 3.Bb5+ Nd7 4.c3 Nf6 5.Qe2 a6 6.Ba4 e5 7.O-O Be7 8.d4 b5
9.Bc2 O-O 10.a4 Rb8 11.Rd1 Qc7 12.axb5 axb5 13.Na3 cxd4 14.cxd4 b4 15.Nc4 b3
16.Bb1 exd4 17.Nxd4 Nc5 18.Ne3 Re8 19.f3 g6 20.Qf2 Bd7 21.Ne2 Ra8 22.Rxa8 Rxa8
23.Nc3 Bc6 24.Ned5 Bxd5 25.exd5 Nfd7 26.Be3 Bf6 27.Bd4 Bxd4 28.Qxd4 Qd8 29.Re1 Qf6
30.Qxf6 Nxf6 31.Kf2 Kf8 32.g3 Ra5 33.Rd1 Nfd7 34.f4 Nb6 35.Rd2 Nc4 36.Re2 Na4
37.Nxa4 Rxa4 38.Bd3 Nxb2 39.Bb5 Nd1+ 40.Ke1 Ra1 41.Kd2 b2 42.Bd3 b1=Q 43.Bxb1 Rxb1
44.Kc2 Ra1 45.Re1 Ra2+ 46.Kxd1 Rxh2 47.Re3 h5 48.Ke1 Kg7 49.Ra3 Rh3 50.Kf2 h4
51.Ra6 Rxg3 52.Rxd6 Rd3 53.Rd8 h3 54.Kg1 Rf3 55.Kh2 Rxf4 56.Kxh3 Rd4 57.Kg3 Kf6
58.Rd7 g5 59.d6 Rd3+ 60.Kf2 g4 61.Kg2 Kg6 62.Rd8 f5 63.Kf2 Kf7 64.Kg2 f4
65.Kf2 g3+ 66.Ke2 g2 67.Kf2 Rd2+ 68.Kg1 f3 69.Rd7+ Kf6 70.Kh2 Rd1  0-1

[Event "11th Master Open"]
[Site "Voronezh RUS"]
[Date "2007.06.14"]
[Round "3"]
[White "Ivanov,AA"]
[Black "Dzhagarov,R"]
[Result "0-1"]
[WhiteElo "2311"]
[BlackElo "2146"]

1.e4 c5 2.Nf3 d6 3.Bb5+ Nd7 4.a4 Nf6 5.Nc3 a6 6.Bc4 e6 7.d3 Be7 8.a5 Qc7
9.Bd2 O-O 10.O-O b5 11.axb6 Nxb6 12.Ba2 Bb7 13.Re1 Nfd7 14.Ng5 c4 15.d4 g6
16.Qg4 Rae8 17.Qh3 Bxg5 18.Bxg5 f6 19.Bd2 e5 20.dxe5 dxe5 21.Be3 Nc5 22.Rad1 Bc8
23.Qh4 Nca4 24.Nd5 Nxd5 25.exd5 Nxb2 26.d6 Qc6 27.Rb1 Na4 28.Bxc4+ Kh8 29.Rb4 g5
30.Qh5 Nb2 31.Rxb2 Qxc4 32.Rd1 Bg4 33.Qh6 Bxd1 34.Rb7 Qg8 35.c4 Ba4 36.h3 Qg6
37.Qxg6 hxg6 38.Rb4 Bc6 39.Rb6 Rc8 40.Rxa6 Rfd8 41.c5 Rd7 42.Kh2 Kg8 43.Ra1 Kf7
44.Ra3 Ke6 45.Ra1 Ra8 46.Rd1  0-1

[Event "11th Master Open"]
[Site "Voronezh RUS"]
[Date "2007.06.14"]
[Round "3"]
[White "Magrifin,I"]
[Black "Moskalenko,A"]
[Result "0-1"]
[WhiteElo "2227"]
[BlackElo "2371"]

1.e4 c5 2.Nf3 d6 3.Bb5+ Bd7 4.Bxd7+ Qxd7 5.O-O Nf6 6.Qe2 e6 7.b3 Nc6 8.Bb2 Be7
9.c4 O-O 10.d4 cxd4 11.Nxd4 a6 12.Rd1 Nxd4 13.Bxd4 b5 14.Nd2 Qb7 15.Re1 Rfd8
16.Rac1 Rac8 17.Ba1 Rc5 18.Rc3 bxc4 19.bxc4 Nd7 20.Rb3 Qc8 21.Bd4 Rc6 22.f4 e5
23.fxe5 dxe5 24.Be3 Bc5 25.Nf1 Bd4 26.Rc1 Nc5 27.Rbb1 Nxe4 28.Bxd4 Rxd4 29.Ne3 g6
30.Qb2 Nd2 31.Nd5 Qd8 32.Qb7 Rcxc4 33.Ne7+ Kg7 34.Nc6 Rxc6  0-1

[Event "11th Master Open"]
[Site "Voronezh RUS"]
[Date "2007.06.15"]
[Round "4"]
[White "Aganesova,E"]
[Black "Bukavshin,I"]
[Result "1/2-1/2"]
[WhiteElo "1943"]
[BlackElo "2287"]

1.e4 c5 2.Nf3 d6 3.Bb5+ Bd7 4.Bxd7+ Qxd7 5.O-O Nc6 6.c3 Nf6 7.d4 cxd4 8.cxd4 d5
9.e5 Ng8 10.Nc3 e6 11.b3 Rc8 12.Bb2 h5 13.Rc1 Nh6 14.Na4 Nf5 15.a3 Be7 16.Nc5 Qc7
17.b4 a6 18.Qd3 Qb6 19.Rc2 Rc7 20.Rfc1 g5 21.Na4 Qa7 22.Nc5 g4 23.Nd2 Qb6
24.Ndb3 Bg5 25.Rd1 Kf8 26.Bc1 Be7 27.Na4 Qa7 28.Nac5 Kg7 29.Be3 Rhc8 30.Rdc1 Kh7
31.Qd2 b6 32.Nd3 Nb8 33.Rxc7 Rxc7 34.Nf4 h4 35.Qe2 g3 36.Qh5+ Kg7 37.Nxd5 Rxc1+
38.Bxc1 gxf2+ 39.Kxf2 exd5 40.Qxf5 Qd7 41.Qxd7 Nxd7 42.g3 Kg6 43.gxh4 Bxh4+
44.Kf3 Kf5 45.Bb2 f6 46.exf6 Nxf6 47.a4 Ne4 48.a5  1/2-1/2

[Event "11th Master Open"]
[Site "Voronezh RUS"]
[Date "2007.06.16"]
[Round "5"]
[White "Ivanov,AA"]
[Black "Rudnev,Y"]
[Result "1-0"]
[WhiteElo "2311"]
[BlackElo "2172"]

1.e4 c5 2.Nf3 d6 3.Bb5+ Bd7 4.a4 Nc6 5.O-O a6 6.Bc4 Nf6 7.Re1 e6 8.Nc3 Be7
9.Bf1 O-O 10.h3 Qc7 11.d3 Rfd8 12.g4 Be8 13.Bg2 Rab8 14.Bf4 Ne5 15.Bg3 b5
16.axb5 axb5 17.Nd2 Nfd7 18.f4 Nc6 19.g5 b4 20.Nd5 exd5  1-0

[Event "ch-NED"]
[Site "Hilversum NED"]
[Date "2007.06.17"]
[Round "2"]
[White "Tiviakov,S"]
[Black "Smeets,J"]
[Result "1/2-1/2"]
[WhiteElo "2663"]
[BlackElo "2552"]

1.e4 c5 2.Nf3 d6 3.Bb5+ Bd7 4.Bxd7+ Qxd7 5.c4 Nf6 6.Nc3 g6 7.d4 cxd4 8.Nxd4 Bg7
9.f3 O-O 10.Be3 Rc8 11.b3 Nc6 12.O-O a6 13.Nde2 Qd8 14.a4 Qa5 15.Qd2 Rd8
16.Rfd1 e6 17.Rab1 Rd7 18.Kh1 Rc8 19.Bg5 Ne8 20.Bf4 Qb4 21.h3 Rcd8 22.Qd3 Nf6
23.Bd2 Qb6 24.Nf4 Rc8 25.Qe2 Qd8 26.Qf2 Ne8 27.Rdc1 Bd4 28.Qe1 Bg7 29.Be3 Bd4
30.Rd1 Bxe3 31.Qxe3 Qa5 32.Rd2 Rcd8 33.Rbd1 Nf6 34.Kg1  1/2-1/2

[Event "11th Master Open"]
[Site "Voronezh RUS"]
[Date "2007.06.18"]
[Round "6"]
[White "Yandemirov,V"]
[Black "Azarov,S"]
[Result "0-1"]
[WhiteElo "2515"]
[BlackElo "2571"]

1.e4 c5 2.Nf3 d6 3.Bb5+ Nd7 4.d4 Nf6 5.Nc3 a6 6.Bxd7+ Nxd7 7.O-O e6 8.dxc5 Nxc5
9.Bg5 Qc7 10.Re1 Nd7 11.Qd3 h6 12.Bf4 g5 13.Bg3 f6 14.Rad1 Ne5 15.Nxe5 dxe5
16.Qf3 Kf7 17.Rd3 Be7 18.Red1 b5 19.Ne2 b4 20.c4 h5 21.h3 h4 22.Bh2 Bb7 23.Nd4 Rad8
24.Nxe6 Rxd3 25.Nxg5+ Ke8 26.Qxd3 fxg5 27.Bxe5 Qxe5 28.Qd7+ Kf7 29.Qxb7 Rb8
30.Qxa6 Qxe4 31.Kf1 Qe6 32.Qa7 Qxc4+ 33.Kg1 Qe2 34.Rd5 Rb5 35.Rxb5 Qxb5 36.a4 Qe5
37.b3 Qe1+ 38.Kh2 Ke6 39.g3 Bd6 40.Kg2 hxg3  0-1

[Event "XXV Balaton GM"]
[Site "Balatonlelle HUN"]
[Date "2007.06.19"]
[Round "4"]
[White "Boros,De"]
[Black "Sax,G"]
[Result "1/2-1/2"]
[WhiteElo "2501"]
[BlackElo "2527"]

1.e4 c5 2.Nf3 d6 3.Bb5+ Bd7 4.Bxd7+ Nxd7 5.O-O Ngf6 6.Qe2 e6 7.d3 Be7 8.Nbd2 O-O
9.Rd1 Re8 10.Nf1 Bf8 11.Ng3 Qc7 12.b3 g6 13.c3 e5  1/2-1/2

[Event "11th Master Open"]
[Site "Voronezh RUS"]
[Date "2007.06.20"]
[Round "8"]
[White "Gorbatov,A"]
[Black "Gabrielian,A"]
[Result "1/2-1/2"]
[WhiteElo "2381"]
[BlackElo "2496"]

1.e4 c5 2.Nf3 d6 3.Bb5+ Bd7 4.Bxd7+ Qxd7 5.O-O Nf6 6.e5 dxe5 7.Nxe5 Qc8 8.Qf3 Nbd7
9.Nc4 e6 10.Nc3 Be7 11.d3 O-O 12.Bf4 Nb6 13.Nd6 Bxd6 14.Bxd6 Re8 15.Bg3 Qd7
16.Be5 Nfd5 17.Ne4 f6 18.Bg3 Qc6 19.c4 Nb4 20.Qe2 Rad8 21.Rfd1 e5 22.a3 Na6
23.f3 Nc7 24.b4 Ne6 25.bxc5 Na4 26.Bf2 Naxc5 27.Nxc5 Nxc5 28.Rab1 b6 29.Rb5 Ne6
30.a4 Nf4 31.Qc2 Re7 32.a5 bxa5 33.Rxa5 Red7 34.Ra3 h5 35.Rc3 a5 36.Be3 Ne6
37.Kf1 h4 38.h3 a4 39.Ra1 Rb7 40.Qxa4 Rb1+ 41.Kf2 Rb2+ 42.Kg1 Qxa4 43.Rxa4 Nd4
44.Bxd4 exd4 45.Rca3 Rb1+ 46.Kh2 Rd1 47.Ra8 Rxa8 48.Rxa8+ Kf7  1/2-1/2

[Event "11th Master Open"]
[Site "Voronezh RUS"]
[Date "2007.06.21"]
[Round "9"]
[White "Chudinovskikh,A"]
[Black "Bukavshin,I"]
[Result "1-0"]
[WhiteElo "2399"]
[BlackElo "2287"]

1.e4 c5 2.Nf3 d6 3.Bb5+ Bd7 4.Bxd7+ Qxd7 5.c4 Nc6 6.d4 cxd4 7.Nxd4 g6 8.O-O Bg7
9.Nc2 Rc8 10.Qe2 Na5 11.Nba3 Nf6 12.b3 O-O 13.Bb2 Nc6 14.Rad1 Qc7 15.Nb5 Qb8
16.Rfe1 Rfe8 17.f3 b6 18.Ne3 a6 19.Nc3 Nd7 20.Ncd5 Bxb2 21.Qxb2 b5 22.f4 f6
23.Qf2 Nc5 24.Qf3 Kg7 25.h4 Qa7 26.h5 bxc4 27.bxc4 Ne6 28.Qg4 Ned4 29.Qh4 Nc2
30.Re2 Nxe3 31.Nxe3 Nd4 32.Rf2 Ne6 33.Rd3 Nc5 34.hxg6 hxg6 35.Nf5+ Kf8 36.Qh8+ Kf7
37.Qg7+ Ke6 38.Rxd6+  1-0

[Event "III Perla Baltyku A"]
[Site "Mielno POL"]
[Date "2007.06.24"]
[Round "8"]
[White "Tofil,B"]
[Black "Markiewicz,Ja"]
[Result "1/2-1/2"]
[WhiteElo "2138"]
[BlackElo "2307"]

1.e4 c5 2.Nf3 d6 3.Bb5+ Bd7 4.Bxd7+ Nxd7 5.O-O Ngf6 6.Re1 e6 7.c4 Be7 8.Nc3 O-O
9.d4 cxd4 10.Qxd4 Qc7 11.Bg5 Ne5 12.b3 a6 13.Rad1 Rfd8 14.Nxe5 dxe5 15.Qe3 h6
16.Bxf6 Bxf6 17.g3 Bg5 18.Qf3 Qa5 19.Re2 Rxd1+ 20.Nxd1 Rd8 21.Ne3 Qc3 22.Kg2 Rd3
23.h4 Be7 24.Rc2 Qd4 25.Rc1 Qb2 26.Rd1 Rd4 27.Ng4 f6 28.Rxd4 Qxd4 29.Qe2 Bc5
30.Nh2 Kf8 31.Nf3 Qc3 32.Qd2 Bd4 33.Qxc3 Bxc3 34.Kf1 h5 35.Ke2 Bd4 36.Ne1 Ke7
37.Nd3 g5 38.hxg5 fxg5 39.Kf3 Kd6 40.b4 Bc3 41.a3 b5 42.cxb5 axb5 43.Kg2 Bd4
44.Kf3 Ke7 45.Kg2 Kf6 46.f3 Kf7 47.g4 h4 48.Kh3  1/2-1/2

[Event "Narciso Yepes Mem"]
[Site "Lorca ESP"]
[Date "2007.06.25"]
[Round "2"]
[White "Remoli Sargues,F"]
[Black "Lalic,B"]
[Result "1/2-1/2"]
[WhiteElo "2267"]
[BlackElo "2519"]

1.e4 c5 2.Nf3 d6 3.Bb5+ Nd7 4.O-O Nf6 5.Re1 a6 6.Bf1 b6 7.d4 cxd4 8.Nxd4 Bb7
9.f3 e6 10.c4 Be7 11.Nc3 O-O 12.b3 Qb8 13.Be3 Bd8 14.Qd2 Bc7 15.g3 Rd8 16.Qf2 h6
17.Red1 Ne5 18.Bg2 d5 19.exd5 exd5 20.cxd5 Nxd5 21.Nxd5 Bxd5  1/2-1/2

[Event "White Nights"]
[Site "St Petersburg RUS"]
[Date "2007.06.26"]
[Round "2"]
[White "Ivkina,O"]
[Black "Lanin,A"]
[Result "0-1"]
[WhiteElo "2198"]
[BlackElo "2465"]

1.e4 c5 2.Nf3 d6 3.Bb5+ Nc6 4.O-O Bd7 5.c3 a6 6.Ba4 Nf6 7.Re1 b5 8.Bc2 Bg4
9.d3 e6 10.h3 Bh5 11.Bf4 Be7 12.Nbd2 O-O 13.Nf1 d5 14.e5 Nd7 15.Ng3 Bg6 16.d4 c4
17.Bxg6 fxg6 18.Qd2 h6 19.h4 Bxh4 20.Bxh6 Rxf3 21.gxf3 gxh6 22.Qxh6 Qg5 23.Qxg5 Bxg5
24.Ne2 b4 25.f4 Be7 26.Kg2 a5 27.Rh1 Nf8 28.a4 bxa3 29.bxa3 a4 30.Rhb1 Na5
31.Rb6 Kf7 32.f5 gxf5 33.Rh1 Ra7 34.Nf4 Nb7 35.Rhb1 Nd8 36.Rb8 Ke8 37.Nh5 Nd7
38.Rc8 Bxa3 39.Nf6+ Nxf6 40.exf6 Bd6 41.Rh1 Rf7 42.Ra8 Rxf6 43.Rxa4 Rg6+
44.Kf3 Nf7 45.Ra7 Kf8 46.Rb1 Kg7 47.Rb6 Kf6 48.Rxf7+ Kxf7 49.Rxd6 Rg1 50.Ke2 Rc1
51.Kd2 Ra1 52.Rd7+ Kf6 53.Rh7 Ra2+ 54.Ke3 Rc2 55.Rh6+ Ke7 56.Rh7+ Kd6 57.Ra7 Rxc3+
58.Kf4 Rc2 59.Ra6+ Ke7 60.f3 Kf6 61.Rc6 Rd2  0-1

[Event "White Nights"]
[Site "St Petersburg RUS"]
[Date "2007.06.26"]
[Round "2"]
[White "Kurilov,Vi"]
[Black "Kostyuchenko,V"]
[Result "0-1"]
[WhiteElo "2324"]
[BlackElo "2152"]

1.e4 c5 2.Nf3 d6 3.Bb5+ Nd7 4.d4 Nf6 5.Nc3 cxd4 6.Qxd4 e6 7.Bg5 Be7 8.O-O O-O
9.Rfd1 Qc7 10.Bxd7 Bxd7 11.Bxf6 gxf6 12.e5 fxe5 13.Nxe5 dxe5 14.Qxd7 Rac8
15.Qd3 Rcd8 16.Qg3+ Kh8 17.h3 f6 18.Qg4 Qc6 19.Rxd8 Rxd8 20.Rd1 Rxd1+ 21.Qxd1 Bb4
22.Qd8+ Kg7 23.Ne2 Qxc2 24.Qd7+ Kg6 25.Qe8+ Kg7 26.Ng3 Bc5 27.Nh5+ Kh6 28.Qf7 Qd1+
29.Kh2 Qxh5 30.Qxf6+ Qg6 31.Qd8 Qh5 32.Qg8 e4 33.h4 Bxf2 34.g4 Qxh4+ 35.Kg2 Qg3+
36.Kf1  0-1

[Event "White Nights"]
[Site "St Petersburg RUS"]
[Date "2007.06.28"]
[Round "4"]
[White "Kurilov,Vi"]
[Black "Fedoseev,Vl3"]
[Result "1-0"]
[WhiteElo "2324"]
[BlackElo "2188"]

1.e4 c5 2.Nf3 d6 3.Bb5+ Nc6 4.O-O Bd7 5.c3 a6 6.Ba4 Nf6 7.Qe2 b5 8.Bc2 e5
9.Rd1 Qb6 10.h3 g6 11.a4 b4 12.d4 cxd4 13.cxd4 b3 14.Bd3 exd4 15.Na3 Be6
16.Nc4 Qc5 17.Bf4 Nh5 18.Bd2 Qa7 19.Rac1 Rc8 20.a5 Be7 21.Nb6 Rc7 22.Nd5 Bxd5
23.exd5 Nb8 24.Rxc7 Qxc7 25.Re1 Kd8 26.Bxa6 Nxa6 27.Qxa6 Bf6 28.Rc1 Qb8 29.Qc6 Ke7
30.a6 Rd8 31.Ba5 Rd7 32.Bc7 Qa7 33.Qb7  1-0

[Event "Asian Youth BU18"]
[Site "Tashkent UZB"]
[Date "2007.06.28"]
[Round "1"]
[White "Toufighi,H"]
[Black "Premnath,R"]
[Result "1-0"]
[WhiteElo "2365"]
[BlackElo "2229"]

1.e4 c5 2.Nf3 d6 3.Bb5+ Bd7 4.Bxd7+ Qxd7 5.O-O Nc6 6.c3 Nf6 7.Re1 e6 8.d4 cxd4
9.cxd4 d5 10.e5 Ne4 11.a3 Be7 12.Qd3 O-O 13.Nbd2 Nxd2 14.Bxd2 a5 15.Re3 a4
16.Ne1 f5 17.exf6 Bxf6 18.Nf3 Qf7 19.Bc3 Ra6 20.Rae1 Re8 21.Qb5 Qd7 22.Qe2 Nd8
23.Kh1 Nf7 24.h3 Ng5 25.Nd2 Nf7 26.f4 g6 27.g4 Kh8 28.f5 gxf5 29.gxf5 Nd8
30.Nf3 Qe7 31.Ne5 Rg8 32.Qf3 exf5 33.Qxd5 f4 34.R3e2 Ne6 35.Ng4 Rd8 36.Qg2  1-0

[Event "Narciso Yepes Mem"]
[Site "Lorca ESP"]
[Date "2007.06.29"]
[Round "9"]
[White "Uribe Arteaga,D"]
[Black "Lalic,B"]
[Result "0-1"]
[WhiteElo "2251"]
[BlackElo "2519"]

1.e4 c5 2.Nf3 d6 3.Bb5+ Bd7 4.Bxd7+ Qxd7 5.O-O Nf6 6.Re1 Nc6 7.c4 Ne5 8.d3 e6
9.Nc3 Be7 10.a3 O-O 11.Rb1 Nfg4 12.Nxe5 Nxe5 13.b4 Nc6 14.b5 Nd4 15.Ne2 Bf6
16.Nxd4 Bxd4 17.Bb2 Bxb2 18.Rxb2 e5 19.a4 f5 20.f3 f4 21.a5 Rf6 22.Ree2 g5
23.Rf2 Raf8 24.a6 b6 25.Kf1 Rh6 26.h3 Rg6 27.Ke1 h5 28.Kd2 g4 29.hxg4 hxg4
30.Kc3 Kg7 31.Rf1 Rh8 32.Rh1 Qd8 33.fxg4 Rxh1 34.Qxh1 Qg5 35.Qh5 Qxg4 36.Qxg4 Rxg4
37.Rf2 Kg6 38.Kd2 Rg3 39.Kc2 Kh5 40.Kd2 Kh4 41.Re2 Rg7 42.Ke1 Kg3 43.Kf1 Rh7
44.Kg1 Rh2  0-1

[Event "CIQ"]
[Site "Quebec CAN"]
[Date "2007.06.30"]
[Round "9"]
[White "Barbeau,S"]
[Black "Masse,H"]
[Result "1/2-1/2"]
[WhiteElo "2389"]
[BlackElo "2181"]

1.e4 c5 2.Nf3 d6 3.Bb5+ Bd7 4.Bxd7+ Qxd7 5.O-O Nc6 6.c3 Nf6 7.d4 Nxe4 8.d5 Ne5
9.Re1 Nxf3+ 10.Qxf3 Nf6 11.c4 O-O-O 12.b4 e6 13.dxe6 fxe6 14.Qa3 Kb8 15.bxc5 dxc5
16.Nc3 Bd6 17.Nb5 a6 18.Nxd6 Qxd6 19.h3 Rd7 20.Bb2 Ka7 21.Qa4 Rhd8 22.Be5 Qe7
23.Rab1 Rc8 24.Re3 Rc6 25.Rxb7+ Kxb7 26.Rb3+ Rb6 27.Rxb6+ Kxb6 28.Qb3+ Kc6
29.Qa4+ Kb6 30.Qb3+ Kc6 31.Qa4+  1/2-1/2

[Event "Asian Youth BU16"]
[Site "Tashkent UZB"]
[Date "2007.06.30"]
[Round "3"]
[White "Sethuraman,S"]
[Black "Khademi,M"]
[Result "1-0"]
[WhiteElo "2332"]
[BlackElo "2229"]

1.e4 c5 2.Nf3 d6 3.Bb5+ Nd7 4.d4 cxd4 5.Qxd4 a6 6.Bxd7+ Bxd7 7.Bg5 h6 8.Bh4 Qa5+
9.Nbd2 Qa4 10.c4 e5 11.Qd3 Ne7 12.c5 Bb5 13.Qxd6 Nc6 14.Qd5 f6 15.Rc1 Rd8
16.Qe6+ Be7 17.a3 Nd4 18.Nxd4 Qxd4 19.Nc4 Qxe4+ 20.Ne3 Qxh4 21.Qxe7+ Kxe7
22.Nf5+ Kf7 23.Nxh4 Rd4 24.Nf5 Re4+ 25.Kd1 Rd8+ 26.Nd6+ Ke6 27.f3 Rd4+ 28.Kc2 Bc6
29.Rcd1 b6 30.Rxd4 exd4 31.b4 bxc5 32.bxc5 Rb8 33.Nc4 Rb5 34.Kd2 Rb3  1-0

[Event "94th ch-GBR"]
[Site "Great Yarmouth ENG"]
[Date "2007.07.01"]
[Round "3"]
[White "Posazhennikov,A"]
[Black "Dossett,C"]
[Result "1/2-1/2"]
[WhiteElo "2247"]
[BlackElo "2001"]

1.e4 c5 2.Nf3 d6 3.Bb5+ Bd7 4.Qe2 a6 5.Bxd7+ Nxd7 6.a4 Qc7 7.O-O Ngf6 8.d3 g6
9.c3 Bg7 10.h3 O-O 11.Nh2 b5 12.Ng4 h5 13.Nxf6+ Nxf6 14.Bg5 b4 15.Qe3 Kh7
16.cxb4 cxb4 17.Nd2 Qb7 18.Nc4 d5 19.Bxf6 Bxf6 20.e5 dxc4 21.exf6 cxd3 22.fxe7 Rfe8
23.Rfe1 Ra7 24.Qxd3 Rxe7 25.Rad1 Rxe1+ 26.Rxe1 Qd7 27.Qe3 a5 28.Qc5 Kg7 29.b3 Ra8
30.Kh2 Ra7 31.Re5 Qc7 32.g3 Qxc5 33.Rxc5 Rd7 34.Rxa5 Rd3 35.Rb5 Rxb3 36.Kg2 Rb2
37.Kf3 b3 38.Ke3 Ra2 39.Rxb3 Rxa4 40.Rb6  1/2-1/2

[Event "94th ch-GBR"]
[Site "Great Yarmouth ENG"]
[Date "2007.07.01"]
[Round "3"]
[White "Van Kemenade,R"]
[Black "Hodgson,Jo"]
[Result "0-1"]
[WhiteElo "2032"]
[BlackElo "2227"]

1.e4 c5 2.Nf3 d6 3.Bb5+ Nc6 4.O-O Bd7 5.c3 a6 6.Ba4 Nf6 7.Re1 b5 8.Bc2 Bg4
9.h3 Bxf3 10.Qxf3 g6 11.d3 Bg7 12.Nd2 O-O 13.Nf1 b4 14.g4 bxc3 15.bxc3 Nd7
16.Bd2 Qa5 17.Ne3 Bxc3 18.Nc4 Nde5 19.Nxa5 Nxf3+  0-1